| 000 | 00000nam##2200000za#4500 |
| 001 | 9.533247 |
| 003 | CaOODSP |
| 005 | 20200327072318 |
| 007 | ta |
| 008 | 150406|2000||||xxc||||| f|0| 0 fre|d |
| 020 | |a0-660-61202-X |
| 040 | |aCaOODSP|bfre |
| 041 | |aeng |
| 041 | |afre |
| 043 | |an-cn--- |
| 086 | 1 |aBT31-2/2001-III-80 |
| 110 | 1 |aCanada. |bConseil du trésor. |
| 245 | 10|aConseil de contrôle des renseignements relatifs aux matières dangereuses Canada |
| 260 | |aOttawa - Ontario : |bSecrétariat du Conseil du Trésor du Canada |c2000. |
| 300 | |aTexte français, 22p. : |borganigramme, tableaux ; |c28 cm. |
| 490 | 1 |aBudget des dépenses 2000-2001, partie III: rapport sur les plans et les priorités |
| 546 | |aBilingue |
| 563 | |aCouverture souple |
| 590 | |a00-14|b2000-04-07 |
| 691 | 07|aPrévisions budgétaires|2gcpds |
| 776 | 0#|tHazardous Materials Information Review Commission Canada, 2000-2001 estimates, part III, report on plans and priorities |w(CaOODSP)9.567887 |
| 776 | 0#|tConseil de contrôle des renseignements relatifs aux matières dangereuses Canada, budget des dépenses 2000-2001, partie III, rapport sur les plans et les priorités |w(CaOODSP)9.599203 |
| 791 | |tHazardous Materials Information Review Commission Canada |eeng|w(CaOODSP)9.533246 |
| 830 | #0|aBudget des dépenses 2000-2001, partie III: rapport sur les plans et les priorités.|w(CaOODSP)9.508965 |